[Event "Titled Tue 27th May Early"]
[Site "chess.com INT"]
[Date "2025.05.27"]
[Round "5"]
[White "Gandhi, Anish"]
[Black "Sahetchian, Armand"]
[Result "0-1"]
[WhiteTitle "CM"]
[BlackTitle "CM"]
[WhiteElo "2028"]
[BlackElo "2024"]
[WhiteFideId "5061032"]
[BlackFideId "607150"]
[EventDate "2025.05.27"]

1. Nf3 Nf6 2. g3 c5 3. Bg2 Nc6 4. O-O g6 5. b3 Bg7 6. Bb2 O-O 7. c4 d6 8. Nc3
Rb8 9. Qc1 a6 10. e3 b5 11. cxb5 axb5 12. d4 c4 13. Nd2 d5 14. bxc4 bxc4 15.
Nxc4 Nxd4 16. exd4 dxc4 17. a4 Bf5 18. Nb5 Bd3 19. Re1 Nd5 20. Ba3 Re8 21. Qg5
e6 22. Qxd8 Rexd8 23. Bd6 Rxb5 24. axb5 Rxd6 25. Ra6 Nb6 26. d5 Bd4 27. dxe6
fxe6 28. Bh3 c3 29. Rxe6 Rxe6 30. Bxe6+ Kg7 31. Ra7+ Kf6 32. Bb3 c2 33. Rf7+ Ke5
34. Bxc2 Bxc2 35. Rxh7 Nd5 36. h4 Nf6 37. Rc7 Bf5 38. Rc6 Bd7 39. Ra6 Kd5 40.
Kg2 Bxb5 41. Ra5 Kc5 42. Ra8 Bc6+ 43. f3 Nd5 0-1

[Event "Titled Tue 27th May Early"]
[Site "chess.com INT"]
[Date "2025.05.27"]
[Round "5"]
[White "Mora Munoz, Alejandro"]
[Black "Burmakin, Evgeniy"]
[Result "1-0"]
[WhiteTitle "FM"]
[BlackTitle "FM"]
[WhiteElo "2147"]
[BlackElo "2110"]
[WhiteFideId "4469844"]
[BlackFideId "4163729"]
[EventDate "2025.05.27"]

1. e4 c5 2. Nf3 d6 3. d4 cxd4 4. Nxd4 Nf6 5. Nc3 a6 6. f3 e5 7. Nb3 Be6 8. Be3
Be7 9. Qd2 O-O 10. O-O-O Nbd7 11. g4 b5 12. g5 Nh5 13. Nd5 Bxd5 14. exd5 f5 15.
h4 Ng3 16. Rg1 Nxf1 17. Rgxf1 a5 18. Kb1 a4 19. Nc1 Qc7 20. Nd3 Qc4 21. Nb4 Bd8
22. b3 axb3 23. cxb3 Qc8 24. Nc6 Qb7 25. f4 Bb6 26. fxe5 Nxe5 27. Nxe5 dxe5 28.
Bxb6 Qxb6 29. d6 Rad8 30. Qd5+ Kh8 31. Qxe5 b4 32. Rxf5 Rxf5 33. Qxf5 Qe3 34. d7 1-0

[Event "Titled Tue 27th May Early"]
[Site "chess.com INT"]
[Date "2025.05.27"]
[Round "5"]
[White "Tan, Jun Ying"]
[Black "Redor, Menandro"]
[Result "1-0"]
[WhiteTitle "FM"]
[WhiteElo "2414"]
[BlackElo "2021"]
[WhiteFideId "5710413"]
[BlackFideId "5222010"]
[EventDate "2025.05.27"]

1. d4 d5 2. c4 e6 3. Nf3 Nf6 4. Nc3 Be7 5. cxd5 exd5 6. Bf4 O-O 7. e3 c6 8. Bd3
Nbd7 9. h3 Re8 10. O-O Nf8 11. Ne5 Ng6 12. Bh2 Nd7 13. f4 Bd6 14. Qf3 Ndf8 15.
Rae1 Qc7 16. Qh5 Bd7 17. Kh1 Re7 18. Ng4 Rae8 19. f5 Bxh2 20. Nxh2 Nh8 21. f6
Re6 22. fxg7 Kxg7 23. Ng4 Qg3 24. Ne2 Qd6 25. Nf4 Rg6 26. Nxg6 Nhxg6 27. Qh6+
Kh8 28. Rxf7 Bxg4 29. Qg7# 1-0

[Event "Titled Tue 27th May Early"]
[Site "chess.com INT"]
[Date "2025.05.27"]
[Round "5"]
[White "Daspres, Loic"]
[Black "Pournami S"]
[Result "1-0"]
[WhiteTitle "CM"]
[BlackTitle "WCM"]
[WhiteElo "2207"]
[BlackElo "1782"]
[WhiteFideId "20612281"]
[BlackFideId "25732439"]
[EventDate "2025.05.27"]

1. e4 c5 2. Nf3 d6 3. Bb5+ Nd7 4. O-O Nf6 5. Re1 e6 6. Nc3 Be7 7. d4 cxd4 8.
Qxd4 O-O 9. Bg5 h6 10. Bh4 e5 11. Qd2 Nc5 12. Bxf6 Bxf6 13. Bc4 Bg4 14. Qe3 Ne6
15. Rad1 Bxf3 16. Qxf3 Nd4 17. Qd3 a6 18. Bd5 Rb8 19. Ne2 Qb6 20. c3 Nxe2+ 21.
Rxe2 Rbd8 22. Re3 g6 23. b3 Qc7 24. Rg3 Kh7 25. Qe3 Bg5 26. Rxg5 hxg5 27. Qxg5
Rde8 28. Rd3 Kg7 29. Rh3 Rh8 30. Rf3 Re7 31. Qf6+ Kh7 32. Rh3+ 1-0

[Event "Titled Tue 27th May Early"]
[Site "chess.com INT"]
[Date "2025.05.27"]
[Round "5"]
[White "Molina, Roberto Junio Brito"]
[Black "Hnatyshyn, Anastasiia"]
[Result "0-1"]
[WhiteTitle "IM"]
[BlackTitle "WFM"]
[WhiteElo "2381"]
[BlackElo "2159"]
[WhiteFideId "2109450"]
[BlackFideId "14198339"]
[EventDate "2025.05.27"]

1. d4 e6 2. c4 d5 3. Nc3 Nf6 4. cxd5 exd5 5. Bg5 Be7 6. e3 c6 7. Bd3 O-O 8. Qc2
h6 9. Bh4 Nbd7 10. Nge2 a5 11. O-O b5 12. Rae1 Ba6 13. Nc1 Qb6 14. f3 c5 15. Bf5
b4 16. Na4 Qc7 17. Rf2 Bd6 18. dxc5 Bxh2+ 19. Kh1 g5 20. g4 Bg3 21. Bxg3 Qxg3
22. Nb3 Ne5 23. Nd4 Nc4 24. b3 Na3 25. Qd2 Rae8 26. Rg1 Qc7 27. f4 Ne4 28. Bxe4
Rxe4 0-1

[Event "Titled Tue 27th May Early"]
[Site "chess.com INT"]
[Date "2025.05.27"]
[Round "5"]
[White "Leschinsky, Gary"]
[Black "Danzer, George"]
[Result "1-0"]
[BlackTitle "CM"]
[WhiteElo "1992"]
[BlackElo "2172"]
[WhiteFideId "30951321"]
[BlackFideId "4659465"]
[EventDate "2025.05.27"]

1. d4 Nf6 2. Bg5 e6 3. e4 c5 4. d5 d6 5. Nc3 Be7 6. Bb5+ Nfd7 7. dxe6 Bxg5 8.
exd7+ Bxd7 9. Qxd6 Be7 10. Bxd7+ Nxd7 11. Qd5 Qb6 12. O-O-O Nf6 13. Qb3 Qc7 14.
Qb5+ Kf8 15. Nf3 a6 16. Qe2 Re8 17. e5 Nd7 18. Kb1 Nxe5 19. Nxe5 Bd6 20. f4 f6
21. Nd5 Qb8 22. Rhf1 Kg8 23. Qf3 fxe5 24. fxe5 Rf8 25. Qg4 Qc8 26. Rxf8+ Qxf8
27. Qe6+ Qf7 28. Qxd6 h6 29. e6 Qf6 30. Nxf6+ 1-0

[Event "Titled Tue 27th May Early"]
[Site "chess.com INT"]
[Date "2025.05.27"]
[Round "5"]
[White "Bakhmatsky, Vladislav"]
[Black "Suyarov, Mukhammadzokhid"]
[Result "1/2-1/2"]
[WhiteTitle "IM"]
[BlackTitle "IM"]
[WhiteElo "2433"]
[BlackElo "2491"]
[WhiteFideId "14124890"]
[BlackFideId "14210495"]
[EventDate "2025.05.27"]

1. b4 e5 2. Bb2 Bxb4 3. Bxe5 Nf6 4. e3 Nc6 5. Bb2 O-O 6. Nf3 Re8 7. Be2 d5 8.
O-O Bd6 9. d3 Bg4 10. Nbd2 Qe7 11. c4 Bxf3 12. Bxf3 Ne5 13. Bxe5 Qxe5 14. g3 d4
15. exd4 Qxd4 16. Bxb7 Rab8 17. Bc6 Red8 18. Nb3 Qe5 19. d4 Qg5 20. Qf3 h5 21.
Rad1 h4 22. c5 Bf8 23. d5 hxg3 24. hxg3 Ng4 25. Kg2 Rb4 26. Qc3 Rdb8 27. d6 cxd6
28. cxd6 R4b6 29. d7 Qh5 30. Rh1 Rxc6 31. Qxc6 Ne3+ 32. fxe3 Qe2+ 33. Kh3 Qh5+
34. Kg2 Qe2+ 35. Kh3 Qh5+ 36. Kg2 1/2-1/2

[Event "Titled Tue 27th May Early"]
[Site "chess.com INT"]
[Date "2025.05.27"]
[Round "5"]
[White "Ochedzan, Filip"]
[Black "Centron Antuna, Daniel"]
[Result "0-1"]
[WhiteTitle "CM"]
[BlackTitle "FM"]
[WhiteElo "2130"]
[BlackElo "2290"]
[WhiteFideId "21892610"]
[BlackFideId "22288694"]
[EventDate "2025.05.27"]

1. f4 d5 2. Nf3 Nf6 3. g3 g6 4. Bg2 Bg7 5. O-O O-O 6. d3 c5 7. c3 Nc6 8. Na3 Re8
9. Nc2 Rb8 10. a4 a6 11. Be3 Qd6 12. h3 b5 13. axb5 axb5 14. Bf2 b4 15. Qd2 bxc3
16. bxc3 e5 17. fxe5 Nxe5 18. Nxe5 Rxe5 19. Kh2 Rh5 20. Kg1 Bxh3 21. Bxh3 Rxh3
22. Qf4 Qxf4 23. gxf4 Nh5 24. Bxc5 Bxc3 25. Rab1 Rc8 26. Bd4 Bd2 27. Nb4 Nxf4
28. Rb2 Nxe2+ 29. Kg2 Rg3+ 30. Kf2 Nxd4 31. Kxg3 Bc3 32. Rbb1 h5 33. Nxd5 Kg7
34. Rb7 Nf5+ 35. Kh3 Be5 36. d4 Bd6 37. Nf4 Rc2 38. Nd3 Rh2# 0-1

[Event "Titled Tue 27th May Early"]
[Site "chess.com INT"]
[Date "2025.05.27"]
[Round "5"]
[White "Kjaergaard-Jensen, Jesper"]
[Black "Devagharan, Devina"]
[Result "0-1"]
[WhiteTitle "CM"]
[BlackTitle "WFM"]
[WhiteElo "2081"]
[BlackElo "1860"]
[WhiteFideId "1406990"]
[BlackFideId "2061600"]
[EventDate "2025.05.27"]

1. d4 d5 2. Nf3 Nf6 3. Bg5 Ne4 4. h4 h6 5. Bf4 Bf5 6. c3 e6 7. Nbd2 Bd6 8. g3
Nd7 9. Qb3 Rb8 10. h5 O-O 11. Nxe4 Bxe4 12. Bxd6 cxd6 13. Bg2 e5 14. O-O-O Qa5
15. Bh3 Nf6 16. g4 b5 17. Rhg1 b4 18. c4 dxc4 19. Qe3 Qxa2 20. Kd2 c3+ 21. Ke1
cxb2 22. Nd2 Bc2 23. g5 Nd5 24. Qf3 Bxd1 25. gxh6 b1=Q 26. Rxg7+ Kh8 27. Bf5
Bc2+ 28. Nxb1 Qxb1+ 29. Kd2 Qd1# 0-1

[Event "Titled Tue 27th May Early"]
[Site "chess.com INT"]
[Date "2025.05.27"]
[Round "5"]
[White "Essing, Arnold"]
[Black "Bratovic, Blaz"]
[Result "1/2-1/2"]
[WhiteTitle "FM"]
[BlackTitle "IM"]
[WhiteElo "2211"]
[BlackElo "2319"]
[WhiteFideId "4619862"]
[BlackFideId "14603551"]
[EventDate "2025.05.27"]

1. d4 f5 2. Nf3 Nf6 3. g3 e6 4. Bg2 d5 5. O-O Bd6 6. c4 c6 7. b3 Qe7 8. Nc3 O-O
9. Na4 b6 10. Nb2 Bb7 11. Nd3 Nbd7 12. Bf4 Ne4 13. Bxd6 Qxd6 14. e3 c5 15. Nfe5
cxd4 16. Nxd7 Qxd7 17. Ne5 Qe7 18. exd4 dxc4 19. bxc4 Rfd8 20. Qd3 Rac8 21. Rfd1
Rc7 22. Rac1 Rcc8 23. Qb3 Ng5 24. h4 Nf7 25. Bxb7 Qxb7 26. Nxf7 Qxf7 27. Qe3 h6
28. Qe5 Qf6 29. f4 Qxe5 30. fxe5 Kf7 31. Kf2 Ke7 32. Ke3 g5 33. hxg5 hxg5 34.
Rh1 Rh8 35. d5 Rcf8 36. d6+ Kd7 37. Rxh8 Rxh8 38. c5 bxc5 39. Rxc5 Rh3 40. Rc7+
Kd8 41. Kf2 Rh2+ 42. Kf3 Rxa2 43. Re7 Ra3+ 44. Kg2 Ra2+ 45. Kf3 Ra3+ 46. Kg2
Ra2+ 47. Kf3 1/2-1/2

[Event "Titled Tue 27th May Early"]
[Site "chess.com INT"]
[Date "2025.05.27"]
[Round "5"]
[White "Karas, Eugenia"]
[Black "Hajiyev, Kanan"]
[Result "0-1"]
[WhiteTitle "WFM"]
[BlackTitle "FM"]
[WhiteElo "2124"]
[BlackElo "2197"]
[WhiteFideId "463485"]
[BlackFideId "13404148"]
[EventDate "2025.05.27"]

1. Nf3 a6 2. d4 c6 3. g3 d5 4. Bg2 Nf6 5. O-O Bf5 6. Nbd2 e6 7. c4 Bd6 8. b3 O-O
9. Bb2 Qe7 10. Nh4 Bg4 11. Re1 Nbd7 12. Nhf3 Rfe8 13. e4 dxe4 14. Nxe4 Nxe4 15.
Rxe4 Nf6 16. Re1 Bb4 17. Rf1 Rad8 18. h3 Bh5 19. g4 Bg6 20. Ne5 Be4 21. f3 Bg6
22. Qe2 c5 23. a3 Ba5 24. dxc5 Qxc5+ 25. Kh1 Rd2 26. Qe1 Rxb2 27. b4 Bxb4 28.
axb4 Qxb4 29. Qg3 Bc2 30. f4 Be4 31. Bxe4 Nxe4 32. Qe3 Qd2 33. Qxd2 Rxd2 34. Rf3
f6 35. Nd3 Rxd3 36. Rxd3 Nf2+ 37. Kg2 Nxd3 38. Rb1 Nc5 39. Kf3 Rd8 40. Ke2 Kf7 0-1

[Event "Titled Tue 27th May Early"]
[Site "chess.com INT"]
[Date "2025.05.27"]
[Round "5"]
[White "Perez Rojas, Jorge"]
[Black "Vingris, Mikelis"]
[Result "0-1"]
[WhiteTitle "FM"]
[WhiteElo "2100"]
[BlackElo "2102"]
[WhiteFideId "3452093"]
[BlackFideId "11611731"]
[EventDate "2025.05.27"]

1. e4 c5 2. Nf3 Nc6 3. Bb5 e5 4. O-O Bd6 5. Re1 a6 6. Bf1 Nge7 7. c3 O-O 8. d4
cxd4 9. cxd4 Nxd4 10. Nxd4 exd4 11. Qxd4 Qc7 12. g3 Bc5 13. Qd3 d6 14. Nc3 Bg4
15. Be3 Rfd8 16. Bg2 Ng6 17. f4 Bxe3+ 18. Qxe3 Qc5 19. h3 Bd7 20. Rad1 Bc6 21.
Qf2 b5 22. Nd5 Rac8 23. Re2 Bxd5 24. Rxd5 Qxf2+ 25. Kxf2 Ne7 26. Rd3 Rc5 27.
Red2 d5 28. b4 Rc4 29. a3 f6 30. exd5 Rd6 31. h4 Kf7 32. Bh3 f5 33. Bg2 g6 34.
Re3 Rc7 35. Bf3 Rcd7 36. Red3 Rc7 37. Ke2 Nc8 38. Kd1 Nb6 39. Rc2 Nc4 40. Rcc3
Re7 41. Kc2 Re1 42. a4 Ra1 43. axb5 axb5 44. Rd4 Ra2+ 45. Kb3 Rb2# 0-1

[Event "Titled Tue 27th May Early"]
[Site "chess.com INT"]
[Date "2025.05.27"]
[Round "5"]
[White "Rubio, Lloyd"]
[Black "Skiadopoulos, Nikolaos"]
[Result "1-0"]
[BlackTitle "CM"]
[WhiteElo "2167"]
[BlackElo "1882"]
[WhiteFideId "5210453"]
[BlackFideId "4200772"]
[EventDate "2025.05.27"]

1. e4 c5 2. Nf3 Nc6 3. Bb5 Na5 4. O-O a6 5. Be2 b5 6. c3 Bb7 7. a4 Bxe4 8. axb5
axb5 9. Bxb5 Qb6 10. Qe2 Nf6 11. Ne5 Bxb1 12. Rxb1 Rb8 13. c4 Nb3 14. Qd3 Nd4
15. Ba4 g6 16. b4 cxb4 17. Bb2 Nc6 18. Nxd7 Nxd7 19. Bxh8 f6 20. Qh3 h5 21. Qe6
Nce5 22. Qg8 Kd8 23. d4 Nc6 24. d5 Nce5 25. c5 Qxc5 26. Rbc1 Nc4 27. Bb3 Kc7 28.
Rxc4 Qxc4 29. Bxc4 Bh6 30. Qh7 1-0

[Event "Titled Tue 27th May Early"]
[Site "chess.com INT"]
[Date "2025.05.27"]
[Round "5"]
[White "Ferrara, Enzo"]
[Black "Lai, Duc Minh"]
[Result "0-1"]
[WhiteElo "2138"]
[BlackElo "2072"]
[WhiteFideId "137731"]
[BlackFideId "12420387"]
[EventDate "2025.05.27"]

1. d4 f5 2. e4 fxe4 3. Nc3 Nf6 4. Bg5 Nc6 5. d5 Ne5 6. Qd4 Nf7 7. h4 c6 8. O-O-O
Qb6 9. Bxf6 gxf6 10. Qxe4 Qxf2 11. Nf3 Bh6+ 12. Kb1 Qe3 13. Qc4 b5 14. Qb3 O-O
15. Bd3 Qb6 16. Rdf1 c5 17. Bxb5 a6 18. Bd3 Qxb3 19. axb3 d6 20. Rhg1 Ne5 21.
Nxe5 fxe5 22. Rxf8+ Bxf8 23. g4 Bd7 24. Bf5 Bxf5 25. gxf5+ Kf7 26. Ne4 Bh6 27.
Ka2 Rb8 28. Ka3 Rb4 29. Rg4 Rd4 30. Ng5+ Bxg5 31. Rxd4 cxd4 32. hxg5 e4 33. Kb4
e3 34. Kc4 e2 0-1

[Event "Titled Tue 27th May Early"]
[Site "chess.com INT"]
[Date "2025.05.27"]
[Round "5"]
[White "Lisenkov, Svyatoslav"]
[Black "Zhigalko, Sergei"]
[Result "0-1"]
[WhiteTitle "CM"]
[BlackTitle "GM"]
[WhiteElo "2241"]
[BlackElo "2572"]
[WhiteFideId "34264183"]
[BlackFideId "13502956"]
[EventDate "2025.05.27"]

1. e4 c5 2. Nf3 d6 3. d4 cxd4 4. Nxd4 Nf6 5. Nc3 a6 6. Rg1 g6 7. g4 Bg7 8. g5
Nfd7 9. h4 b5 10. h5 O-O 11. Be3 Bb7 12. a3 Nc6 13. Be2 Rc8 14. Nxc6 Bxc6 15.
Bd4 Bxd4 16. Qxd4 Qb6 17. O-O-O Qxd4 18. Rxd4 Nc5 19. Kb1 Rc7 20. Nd5 Rb7 21.
Rgd1 a5 22. f4 Ne6 23. R4d2 Bxd5 24. Rxd5 Nxf4 25. Rxb5 Rxb5 26. Bxb5 gxh5 27.
Rh1 Kg7 28. Ka2 Rb8 29. c4 Kg6 30. b4 axb4 31. axb4 Kxg5 32. Kb3 h4 33. Rg1+ Kf6
34. Rg4 Ng6 35. Kc3 h5 36. Rg1 Nf4 37. Rf1 e5 38. Bc6 h3 39. b5 Kg5 40. Kb4 Kg4
41. Ka5 Kg3 42. Ka6 h2 43. Ka7 Rh8 44. b6 Kg2 45. Rb1 h4 46. b7 h1=Q 0-1

[Event "Titled Tue 27th May Early"]
[Site "chess.com INT"]
[Date "2025.05.27"]
[Round "5"]
[White "Maglioni, Leonardo"]
[Black "Hehir, Michael"]
[Result "1-0"]
[WhiteElo "2069"]
[BlackElo "2009"]
[WhiteFideId "2896830"]
[BlackFideId "2047411"]
[EventDate "2025.05.27"]

1. d4 Nf6 2. Bf4 d5 3. e3 c6 4. Bd3 Bg4 5. Nf3 e6 6. h3 Bh5 7. Nbd2 Bd6 8. Bxd6
Qxd6 9. O-O O-O 10. c4 Nbd7 11. Qc2 Bg6 12. Rab1 c5 13. Bxg6 hxg6 14. cxd5 exd5
15. dxc5 Qxc5 16. Qxc5 Nxc5 17. b3 Rac8 18. Nd4 a6 19. Rfc1 Nd3 20. Rd1 Ne4 21.
Nxe4 dxe4 22. Kf1 Rc3 23. Ke2 Ne5 24. Rbc1 Rfc8 25. Kd2 Rxc1 26. Rxc1 Rxc1 27.
Kxc1 Nd3+ 28. Kd2 Nxf2 29. b4 Kf8 30. Nb3 b6 31. Kc3 Ke7 32. Nd2 Kd6 33. Kd4 f5
34. Nc4+ Kc7 35. Ne5 g5 36. Ng6 Kd6 37. Ne5 g4 38. hxg4 fxg4 39. Nf7+ Ke6 40.
Ng5+ Kf5 41. Nf7 g3 42. Nd6+ Ke6 43. Nxe4 Nxe4 44. Kxe4 Kd6 45. Kd4 g6 46. a4 g5
47. e4 Ke6 48. e5 g4 49. Ke4 b5 50. axb5 axb5 51. Kd4 Kd7 52. Kd5 Ke7 53. e6 Kf6
54. Kd6 Kf5 55. Kd7 1-0

[Event "Titled Tue 27th May Early"]
[Site "chess.com INT"]
[Date "2025.05.27"]
[Round "5"]
[White "Nouali, Mohamed"]
[Black "Iskusnyh, Sergei"]
[Result "0-1"]
[WhiteTitle "FM"]
[BlackTitle "GM"]
[WhiteElo "2157"]
[BlackElo "2440"]
[WhiteFideId "5502462"]
[BlackFideId "4120027"]
[EventDate "2025.05.27"]

1. e4 e6 2. d4 d5 3. Nc3 Nf6 4. Bg5 dxe4 5. Nxe4 Nbd7 6. Nf3 h6 7. Bh4 Be7 8.
Nxf6+ Bxf6 9. Bxf6 Qxf6 10. Bd3 c5 11. c3 cxd4 12. Nxd4 O-O 13. O-O e5 14. Nb5
Nc5 15. Nc7 Nxd3 16. Nxa8 Bf5 17. Qb3 Qc6 18. Rad1 Rxa8 19. Rd2 Re8 20. f3 b6
21. c4 Qg6 22. Kh1 e4 23. g4 Be6 24. fxe4 Qxe4+ 25. Rg2 Nf4 26. Qf3 Qxf3 27.
Rxf3 Nxg2 28. Kxg2 Bxc4 29. Kg3 Re2 30. Ra3 a5 31. b3 Bd5 32. h4 g5 33. hxg5
hxg5 34. Ra4 Re4 35. Ra3 Be6 0-1

[Event "Titled Tue 27th May Early"]
[Site "chess.com INT"]
[Date "2025.05.27"]
[Round "5"]
[White "Shirov, Alexei"]
[Black "Lazavik, Denis"]
[Result "0-1"]
[WhiteTitle "GM"]
[BlackTitle "GM"]
[WhiteElo "2620"]
[BlackElo "2577"]
[WhiteFideId "2209390"]
[BlackFideId "13515110"]
[EventDate "2025.05.27"]

1. e4 c5 2. Nf3 Nc6 3. d4 cxd4 4. Nxd4 Nf6 5. Nc3 e5 6. Ndb5 d6 7. Nd5 Nxd5 8.
exd5 Nb8 9. a4 Be7 10. Bd2 O-O 11. a5 Nd7 12. Bb4 a6 13. Na3 b5 14. c4 bxc4 15.
Nxc4 Rb8 16. Qa4 Nf6 17. Nb6 Rxb6 18. axb6 Qxb6 19. Qa5 Qd4 20. Bd2 Qe4+ 21. Be3
Nxd5 22. Qa4 Nb4 23. Kd2 d5 24. f3 Qg6 25. Kd1 Bf5 26. Rc1 Bd3 27. Bxd3 Nxd3 28.
Rc2 d4 29. Bc1 e4 30. Re2 e3 31. Qxd4 Nxc1 32. Rxe3 Bf6 33. Qe4 Qxg2 34. Rhe1
Qxb2 35. Qd5 Na2 0-1

[Event "Titled Tue 27th May Early"]
[Site "chess.com INT"]
[Date "2025.05.27"]
[Round "5"]
[White "Amangeldy, Ernur"]
[Black "Kopczynski, Michal"]
[Result "1-0"]
[WhiteTitle "FM"]
[BlackTitle "CM"]
[WhiteElo "2231"]
[BlackElo "2225"]
[WhiteFideId "13720244"]
[BlackFideId "1124200"]
[EventDate "2025.05.27"]

1. d4 Nf6 2. Nc3 g6 3. e4 d6 4. Be3 Bg7 5. Qd2 O-O 6. O-O-O Ng4 7. Bg5 c5 8.
dxc5 h6 9. Bh4 Qa5 10. f3 Nf6 11. cxd6 exd6 12. Kb1 Be6 13. Bxf6 Bxf6 14. Nd5
Qd8 15. Nxf6+ Qxf6 16. Qd4 Qg5 17. Qd2 Qf6 18. Ne2 Kg7 19. Qd4 Rd8 20. Qxf6+
Kxf6 21. Nd4 Nc6 22. Be2 Ne5 23. f4 Nc6 24. Rd2 d5 25. e5+ Ke7 26. Rhd1 f6 27.
exf6+ Kxf6 28. Bf3 Bf7 29. Nxc6 bxc6 30. c4 Rd6 31. cxd5 Bxd5 32. Kc2 Rad8 33.
Kc3 Ke6 34. Bxd5+ Rxd5 35. Rxd5 cxd5 36. Kd4 Kf5 37. g3 Kg4 38. Rd2 Kf3 39. Rc2
Re8 40. Kxd5 Rb8 41. Ke5 Rb5+ 42. Kd4 Rb6 43. Kc5 Rb8 44. Kc4 Rc8+ 45. Kd3 Rxc2
46. Kxc2 Kg2 47. g4 Kxh2 48. f5 gxf5 49. gxf5 h5 50. f6 h4 51. f7 h3 52. f8=Q
Kg1 53. Qa8 h2 54. Qxa7+ Kg2 55. Qa8+ 1-0

[Event "Titled Tue 27th May Early"]
[Site "chess.com INT"]
[Date "2025.05.27"]
[Round "5"]
[White "Kakavand, Ramtin"]
[Black "Dragnev, Valentin"]
[Result "0-1"]
[WhiteTitle "FM"]
[BlackTitle "GM"]
[WhiteElo "2179"]
[BlackElo "2540"]
[WhiteFideId "32790597"]
[BlackFideId "1634852"]
[EventDate "2025.05.27"]

1. e4 c6 2. d4 d5 3. f3 dxe4 4. Bc4 Nf6 5. Nc3 exf3 6. Nxf3 Bf5 7. O-O e6 8. Bf4
Nbd7 9. Kh1 Be7 10. Qe2 O-O 11. Rae1 Nb6 12. Bb3 Nbd5 13. Bd2 h6 14. Ne5 Bh7 15.
Qf2 a5 16. a4 Nxc3 17. bxc3 Nd5 18. Re2 Bh4 19. Qf3 Bg5 20. Be1 Qe7 21. Qg3 f5
22. h4 Bf6 23. Ng6 Bxg6 24. Qxg6 Rae8 25. Rxf5 exf5 26. Rxe7 Rxe7 27. Bd2 Bxh4
28. Bxh6 Rf6 29. Qh5 Rxh6 30. Bxd5+ cxd5 31. Qxf5 Re1+ 32. Kh2 Bf2+ 0-1

[Event "Titled Tue 27th May Early"]
[Site "chess.com INT"]
[Date "2025.05.27"]
[Round "5"]
[White "Yglesias Herrera, Michel"]
[Black "Toncheva, Nadya"]
[Result "0-1"]
[WhiteTitle "CM"]
[BlackTitle "FM"]
[WhiteElo "2100"]
[BlackElo "2332"]
[WhiteFideId "3510840"]
[BlackFideId "2924056"]
[EventDate "2025.05.27"]

1. d4 d5 2. c4 dxc4 3. Nc3 Nf6 4. Nf3 a6 5. a4 e6 6. e3 c5 7. Bxc4 Nc6 8. O-O
cxd4 9. exd4 Bd6 10. Bg5 h6 11. Bh4 Be7 12. Re1 O-O 13. Qd2 Nd5 14. Bg3 Nxc3 15.
bxc3 Na5 16. Ba2 Bd6 17. Ne5 Qc7 18. Rac1 Rd8 19. c4 Nc6 20. Qe3 Nxe5 21. Bxe5
Bxe5 22. Qxe5 Qxe5 23. dxe5 Bd7 24. a5 Bc6 25. Red1 g5 26. f3 Kf8 27. Kf2 Ke7
28. Ke3 h5 29. g3 Rxd1 30. Rxd1 g4 31. fxg4 hxg4 32. Kf4 Rh8 33. Rd2 Bf3 34. Bb3
Rh5 35. Bc2 f6 36. exf6+ Kxf6 37. Be4 Bxe4 38. Kxe4 Rxa5 39. Rf2+ Rf5 40. Rb2 b5
41. cxb5 axb5 42. Rb4 Kg5 43. Rd4 Rf2 44. Ke5 Re2+ 45. Kd6 e5 46. Rd5 b4 47. Rb5
Kf5 48. Rxb4 Rxh2 49. Rb5 Rd2+ 50. Ke7 Rd3 51. Rb6 Rxg3 52. Rf6+ Ke4 53. Re6 Ra3
54. Kf6 Kf4 55. Kg6 g3 56. Rf6+ Kg4 57. Re6 g2 58. Rxe5 Ra6+ 59. Kh7 g1=Q 0-1

[Event "Titled Tue 27th May Early"]
[Site "chess.com INT"]
[Date "2025.05.27"]
[Round "5"]
[White "Karttunen, Mika"]
[Black "Mahdavi, Reza"]
[Result "0-1"]
[WhiteTitle "IM"]
[BlackTitle "IM"]
[WhiteElo "2490"]
[BlackElo "2445"]
[WhiteFideId "502081"]
[BlackFideId "12595926"]
[EventDate "2025.05.27"]

1. c4 Nf6 2. Nc3 g6 3. g3 Bg7 4. Bg2 O-O 5. d3 c6 6. e4 d5 7. cxd5 cxd5 8. e5
Nfd7 9. d4 e6 10. h4 Nc6 11. Nge2 f6 12. f4 b5 13. Nxb5 Qb6 14. Nbc3 fxe5 15.
Na4 Qa5+ 16. Bd2 Qb5 17. dxe5 Ndxe5 18. fxe5 Nxe5 19. Nf4 Nd3+ 20. Nxd3 Qxd3 21.
Qb3 Qf5 22. O-O-O Ba6 23. Bh3 Rfc8+ 24. Nc3 Qf7 25. Rhe1 Rc6 26. Kb1 Rac8 27.
Ka1 Bc4 28. Qc2 d4 29. Ne4 Bxa2 30. Ng5 Qd7 31. Qd3 Bd5 32. Bb4 Bf8 33. Bxf8
Rxf8 34. h5 Qe7 35. Nxe6 Rf3 36. Nxd4 Rxd3 37. Rxe7 Rxd1# 0-1

[Event "Titled Tue 27th May Early"]
[Site "chess.com INT"]
[Date "2025.05.27"]
[Round "5"]
[White "Erece, Ece Alkim"]
[Black "Chan, Kim Yew"]
[Result "0-1"]
[WhiteTitle "WCM"]
[BlackTitle "FM"]
[WhiteElo "1843"]
[BlackElo "2304"]
[WhiteFideId "6346006"]
[BlackFideId "5717981"]
[EventDate "2025.05.27"]

1. e4 e5 2. Nf3 Nc6 3. Bc4 Bc5 4. c3 Nf6 5. d3 d6 6. O-O h6 7. a4 a5 8. Nbd2 O-O
9. h3 Be6 10. Re1 Qd7 11. Nf1 Rfe8 12. Be3 Bxc4 13. dxc4 Nxe4 14. Qc2 f5 15.
Rad1 Qf7 16. Bxc5 Nxc5 17. Rd5 Ne7 18. Nxe5 dxe5 19. Rxc5 Ng6 20. Ng3 Rf8 21. f4
b6 22. Rcxe5 Nxe5 23. Rxe5 Rae8 24. Rxe8 Rxe8 25. Qd3 Rf8 26. b4 Qe6 27. Kh2 Rf7
28. Ne2 Rd7 29. Nd4 Qe4 30. Qf1 axb4 31. Nf3 bxc3 32. Ne5 Rd2 33. c5 c2 34. Nf3
Re2 35. Qa1 Qxf3 0-1

[Event "Titled Tue 27th May Early"]
[Site "chess.com INT"]
[Date "2025.05.27"]
[Round "5"]
[White "Ebrahimi Herab, Hamidreza"]
[Black "Ingebretsen, Jens E"]
[Result "1-0"]
[WhiteTitle "FM"]
[BlackTitle "IM"]
[WhiteElo "2404"]
[BlackElo "2414"]
[WhiteFideId "22512888"]
[BlackFideId "1522965"]
[EventDate "2025.05.27"]

1. d4 Nf6 2. c4 e6 3. Nc3 Bb4 4. f3 c5 5. d5 b5 6. e4 d6 7. Bd2 bxc4 8. Bxc4 O-O
9. Nge2 Ba6 10. Bxa6 Nxa6 11. dxe6 fxe6 12. O-O Nc7 13. a3 Bxc3 14. Bxc3 e5 15.
Ng3 Ne6 16. Qb3 Qd7 17. Rad1 Rfb8 18. Qc4 d5 19. exd5 Nd4 20. Ne4 Nxe4 21. fxe4
Rc8 22. Kh1 Kh8 23. Rf2 Rf8 24. Rxf8+ Rxf8 25. Qxc5 Rc8 26. Rf1 Kg8 27. Qb4 Nc2
28. Qb3 Ne3 29. Rf3 Nc4 30. h3 h5 31. Rf5 g6 32. Rf6 Kg7 33. Rf3 a5 34. Qd1 a4
35. Qc1 Qe7 36. Qf1 Nd6 37. Qa6 Nxe4 38. Qxc8 Qg5 39. Qf8+ Kh7 40. Rf7# 1-0